| 000 | 00473nam a2200181Ia 4500 | ||
|---|---|---|---|
| 008 | 230524s9999 xx 000 0 und d | ||
| 020 | _a9780070486584 | ||
| 082 | _bPAP | ||
| 100 | _aAthanasios Papoulis | ||
| 245 | 0 | _a"Probability Random Variables and Stochastic Processes," | |
| 250 | _a4 | ||
| 260 |
_aNew Delhi _bPHI _c2015 |
||
| 300 | _a"VII,837p;" | ||
| 500 | _aQuantity Number: 25 | ||
| 650 | _aMathamatics | ||
| 700 | _aS.Unnikarishan Pillai | ||
| 942 | _cBK | ||
| 999 |
_c56520 _d56520 |
||